Logo CIB grande

THE GLOBAL COMPETITIVINESS REPORT 2012-2013 (Registro nro. 231210)

Detalles MARC
000 -LEADER
campo de control de longitud fija 00582nam a2200229Ia 4500
005 - FECHA Y HORA DE LA ÚLTIMA TRANSACCIÓN
campo de control 20250425162532.0
008 - DATOS DE LONGITUD FIJA--INFORMACIÓN GENERAL
campo de control de longitud fija 250425s9999 xx 000 0 und d
020 ## - NÚMERO INTERNACIONAL ESTÁNDAR DEL LIBRO
Número Internacional Estándar del Libro 9789295044357
041 ## - CÓDIGO DE IDIOMA
Código de lengua del texto/banda sonora o título independiente spa
082 ## - NÚMERO DE LA CLASIFICACIÓN DECIMAL DEWEY
Número de clasificación 658.4
010 ## - NÚMERO DE CONTROL DE LA BIBLIOTECA DEL CONGRESO
Número de control de LC 83126
100 ## - ENTRADA PRINCIPAL--NOMBRE DE PERSONA
Nombre de persona SCHWAB, KLAUS
245 #0 - MENCIÓN DEL TÍTULO
Título THE GLOBAL COMPETITIVINESS REPORT 2012-2013
250 ## - MENCION DE EDICION
Mención de edición 1A ED.
260 ## - PUBLICACIÓN, DISTRIBUCIÓN, ETC.
Lugar de publicación, distribución, etc. Estados Unidos
Nombre del editor, distribuidor, etc. WORLD ECONOMIC FORUM
Fecha de publicación, distribución, etc. 2012
260 ## - PUBLICACIÓN, DISTRIBUCIÓN, ETC.
Lugar de publicación, distribución, etc. GENEVA
Nombre del editor, distribuidor, etc. WORLD ECONOMIC FORUM
300 ## - DESCRIPCIÓN FÍSICA
Extensión 527
650 ## - PUNTO DE ACCESO ADICIONAL DE MATERIA--TÉRMINO DE MATERIA
Término de materia o nombre geográfico como elemento de entrada COMPETITIVIDAD
650 ## - PUNTO DE ACCESO ADICIONAL DE MATERIA--TÉRMINO DE MATERIA
Término de materia o nombre geográfico como elemento de entrada REPORTES
710 ## - ENTRADA AGREGADA--NOMBRE DE ENTIDAD CORPORATIVA
Nombre de entidad corporativa o nombre de jurisdicción como elemento de entrada WORLD ECONOMIC FORUM
942 ## - ELEMENTOS DE ENTRADA SECUNDARIOS (KOHA)
Tipo de ítem Koha Libros
Existencias
Estatus retirado Estado de pérdida Estado de daño No para préstamo Biblioteca de origen Biblioteca actual Ubicación en estantería Fecha de adquisición Coste, precio normal de compra Total de préstamos Código de barras Copia número Nota pública
        ESCUELA DE NEGOCIOS ESCUELA DE NEGOCIOS   06/12/2012 20.00   D-P 11274 1 DONADO
        ESCUELA DE NEGOCIOS ESCUELA DE NEGOCIOS   06/12/2012 20.00   D-P 11275 2  

Copyright 2025 ESPOL. Todos los derechos reservados.